000 00638nam a2200241Ia 4500
003 OSt
005 20220918193207.0
006 a|||||r|||| 00| 0
007 ta
008 220917b |||||||| |||| 00| 0 eng d
024 _a72,217
037 _cTextual
040 _aARTS
_cARTS
_beng
041 _2eng
_aeng
082 _aR41, M5
100 _aWeinstein Michael A
_980251
245 0 _aFinite perfection reflections on virtue
260 _aAmherst
_bUniv of Massachusetts Press
_c1985
300 _a168p.
_ccm.
650 _aETHICS
942 _hR41, M5
_cTEXL
_2CC
999 _c198221
_d198221